[Event "Dubai HOC blitz op"]
[Site "Dubai"]
[Date "2019.08.11"]
[Round "9"]
[White "Istratescu, Andrei"]
[Black "Sindarov, Islombek"]
[Result "1-0"]
[WhiteElo "2620"]
[BlackElo "1847"]
[PlyCount "71"]
[EventDate "2019.08.11"]
[EventType "swiss (blitz)"]
[EventRounds "9"]
[EventCountry "UAE"]
[SourceTitle "EXT 2020"]
[Source "ChessBase"]
[SourceDate "2019.10.17"]
[SourceVersion "1"]
[SourceVersionDate "2019.10.17"]
[SourceQuality "1"]

1. e4 e5 2. Bc4 Nf6 3. d3 c6 4. Nf3 Bd6 5. 0-0 Bc7 6. d4 exd4 7. e5 d5 8. exf6 dxc4 9. fxg7 Rg8 10. Re1+ Be6 11. Qxd4 Qxd4 12. Nxd4 Rxg7 13. Nxe6 fxe6 14. Rxe6+ Kf7 15. Re4 b5 16. a4 Nd7 17. axb5 cxb5 18. Nc3 Nf6 19. Re2 b4 20. Nb5 Bb6 21. Nd6+ Kg8 22. Nxc4 Rc8 23. Nxb6 axb6 24. Be3 Nd5 25. Rd1 Rd7 26. Red2 Nxe3 27. fxe3 Rdc7 28. Rd8+ Rxd8 29. Rxd8+ Kf7 30. Rd4 Rxc2 31. Rxb4 Ke6 32. Rxb6+ Ke5 33. Rh6 Ke4 34. Rxh7 Kxe3 35. h3 Rxb2 36. Rf7 1-0

[Event "Dubai HOC blitz op"]
[Site "Dubai"]
[Date "2019.08.11"]
[Round "8"]
[White "Sindarov, Islombek"]
[Black "Iordachescu, Viorel"]
[Result "1-0"]
[WhiteElo "1847"]
[BlackElo "2522"]
[PlyCount "127"]
[EventDate "2019.08.11"]
[EventType "swiss (blitz)"]
[EventRounds "9"]
[EventCountry "UAE"]
[SourceTitle "EXT 2020"]
[Source "ChessBase"]
[SourceDate "2019.10.17"]
[SourceVersion "1"]
[SourceVersionDate "2019.10.17"]
[SourceQuality "1"]

1. e4 g6 2. d4 Bg7 3. Nf3 d6 4. Bc4 Nf6 5. Nc3 c6 6. Bb3 0-0 7. 0-0 a5 8. a3 Bg4 9. h3 Bxf3 10. Qxf3 e6 11. Bg5 Nbd7 12. Rfe1 Qc7 13. Rad1 Rac8 14. Bh4 Rfe8 15. Bg3 Red8 16. d5 e5 17. Bh4 Rf8 18. Ba2 c5 19. Nb5 Qb8 20. c4 Rfe8 21. Qc3 b6 22. Qf3 Nh5 23. g4 Nf4 24. Kh2 Bf6 25. Bxf6 Nxf6 26. a4 Kg7 27. Nc3 Qc7 28. Ne2 Nxe2 29. Rxe2 Qe7 30. Rf1 Rh8 31. Bb1 h6 32. Qb3 Qc7 33. f4 exf4 34. Rxf4 Nd7 35. Ref2 Ne5 36. Rf6 Qe7 37. Qxb6 Rhd8 38. Qxa5 Rb8 39. Qc3 Kg8 40. b3 Rb7 41. Bc2 Re8 42. Qe3 Kg7 43. Qc3 Kg8 44. Qe3 Kh7 45. Kg3 Rf8 46. g5 hxg5 47. Qxg5 Kg7 48. h4 Rh8 49. Bd1 Rh6 50. a5 Ra7 51. a6 Rxa6 52. Rxf7+ Qxf7 53. Rxf7+ Nxf7 54. Qe7 Rb6 55. Qa7 Rb4 56. e5 dxe5 57. d6 Rh8 58. Qxc5 Rbb8 59. d7 Rhd8 60. Qc7 Ra8 61. c5 Ra1 62. Be2 Rc1 63. Bc4 Rc3+ 64. Kg2 1-0

[Event "Wch U12 blitz"]
[Site "Minsk"]
[Date "2018.06.24"]
[Round "6"]
[White "Daneshvar, Bardiya"]
[Black "Sindarov, Islombek"]
[Result "1-0"]
[WhiteElo "2267"]
[BlackElo "1835"]
[PlyCount "114"]
[EventDate "2018.06.24"]
[EventType "swiss (blitz)"]
[EventRounds "9"]
[EventCountry "BLR"]
[SourceTitle "EXT 2019"]
[Source "ChessBase"]
[SourceDate "2018.10.10"]
[SourceVersion "1"]
[SourceVersionDate "2018.10.10"]
[SourceQuality "1"]

1. Nf3 Nf6 2. g3 g6 3. b3 Bg7 4. Bb2 0-0 5. Bg2 d6 6. d4 Nbd7 7. 0-0 c6 8. c4 Qc7 9. Nc3 Rd8 10. e4 e5 11. d5 c5 12. a3 Nf8 13. Nd2 Ne8 14. b4 b6 15. Qe2 f5 16. Nd1 Rd7 17. exf5 gxf5 18. f4 e4 19. Bxg7 Nxg7 20. Ne3 Rf7 21. Rab1 Bd7 22. Rb2 Re8 23. Nb1 Ng6 24. Nc3 Rff8 25. Rfb1 Rb8 26. Bf1 a6 27. Na2 h5 28. h4 Kf7 29. Kf2 Ne7 30. Qd2 Ng8 31. Be2 Nf6 32. Nc1 Ng4+ 33. Bxg4 hxg4 34. Qc3 Ba4 35. Ne2 Kg6 36. bxc5 bxc5 37. Rxb8 Rxb8 38. Rxb8 Qxb8 39. Qa5 Bd7 40. Qxa6 Kf7 41. a4 Ke7 42. a5 Kd8 43. Nc2 Ne8 44. Na3 Nc7 45. Qxd6 Qb2 46. Qxc5 e3+ 47. Qxe3 Qb4 48. Nc2 Qxc4 49. Ncd4 Nxd5 50. Qb3 Qc5 51. a6 Nb6 52. a7 Bc6 53. Qg8+ Kc7 54. Qf7+ Bd7 55. Qf6 Kb7 56. Qe5 Qc8 57. Qb8+ Qxb8 1-0

[Event "Wch U12 rapid"]
[Site "Minsk"]
[Date "2018.06.23"]
[Round "5"]
[White "Petrovskiy, Vadim1111"]
[Black "Sindarov, Islombek"]
[Result "1-0"]
[WhiteElo "2053"]
[BlackElo "1759"]
[PlyCount "109"]
[EventDate "2018.06.22"]
[EventType "swiss (rapid)"]
[EventRounds "9"]
[EventCountry "BLR"]
[SourceTitle "EXT 2019"]
[Source "ChessBase"]
[SourceDate "2018.10.10"]
[SourceVersion "1"]
[SourceVersionDate "2018.10.10"]
[SourceQuality "1"]

1. e4 e5 2. Nf3 Nc6 3. Bc4 Bc5 4. c3 Nf6 5. d3 0-0 6. 0-0 d6 7. a4 a5 8. h3 Be6 9. Bb3 d5 10. d4 dxe4 11. Nxe5 Nxe5 12. dxe5 Qxd1 13. Bxd1 Nd7 14. Bf4 Rfe8 15. Bc2 Bd5 16. Rd1 Bc6 17. Bxe4 Nxe5 18. Bxc6 Nxc6 19. Nd2 Re2 20. Bg3 f5 21. Kf1 Rae8 22. Re1 Rxe1+ 23. Rxe1 Rd8 24. Nc4 Rd7 25. Re8+ Kf7 26. Rc8 Bb6 27. Nxb6 cxb6 28. Rc7 Ke6 29. Ke2 Ne7 30. Rxd7 Kxd7 31. Kd3 Kc6 32. Be5 g6 33. Kc4 Nd5 34. g4 Ne7 35. Bf6 Nd5 36. Be5 Ne7 37. Bf6 Nd5 38. Be5 h5 39. g5 Ne7 40. h4 Nc8 41. b4 axb4 42. cxb4 b5+ 43. axb5+ Kd7 44. Kc5 Ke6 45. Bf4 Kd7 46. Kd5 Ke7 47. Be3 b6 48. Kc6 Ke6 49. Bxb6 f4 50. Bc7 f3 51. b6 Ne7+ 52. Kb7 Kd7 53. Ka8 Nc6 54. Bg3 Nxb4 55. b7 1-0

[Event "Wch U10"]
[Site "Pocos de Caldas"]
[Date "2017.08.23"]
[Round "3"]
[White "Murgescu, Adi"]
[Black "Sindarov, Islombek"]
[Result "0-1"]
[WhiteElo "1687"]
[BlackElo "1867"]
[PlyCount "78"]
[EventDate "2017.08.22"]
[EventType "swiss"]
[EventRounds "11"]
[EventCountry "BRA"]
[SourceTitle "CBM 180 Extra"]
[Source "ChessBase"]
[SourceDate "2017.10.06"]
[SourceVersion "1"]
[SourceVersionDate "2017.10.06"]
[SourceQuality "1"]

1. e4 e5 2. Nf3 Nc6 3. Bb5 a6 4. Ba4 g6 5. c3 Bg7 6. d4 b5 7. Bb3 Nge7 8. 0-0 0-0 9. Re1 d6 10. h3 Na5 11. Bc2 c5 12. Be3 Nc4 13. Bc1 cxd4 14. cxd4 exd4 15. Nxd4 Qb6 16. Nf3 Nxb2 17. Bxb2 Bxb2 18. Nbd2 Bxa1 19. Qxa1 Be6 20. Qf6 Nc6 21. Qh4 f6 22. Qg3 Ne5 23. h4 Ra7 24. h5 Rg7 25. h6 Rc7 26. Nxe5 fxe5 27. Bd1 Qa5 28. Qg5 Rcf7 29. Bh5 Kh8 30. Bf3 Qd8 31. Qg3 Rf4 32. Rc1 Qh4 33. Rc6 Bxa2 34. Rxa6 Bg8 35. Rxd6 Qxg3 36. fxg3 R4f6 37. Rd7 Rb8 38. g4 b4 39. g5 Rc6 0-1

[Event "Wch U10"]
[Site "Batumi"]
[Date "2016.10.24"]
[Round "6"]
[White "Sindarov, Islombek"]
[Black "Silich, Yahor"]
[Result "1/2-1/2"]
[WhiteElo "2229"]
[BlackElo "1783"]
[PlyCount "111"]
[EventDate "2016.10.19"]
[EventType "swiss"]
[EventRounds "11"]
[EventCountry "GEO"]
[SourceTitle "CBM 175 Extra"]
[Source "ChessBase"]
[SourceDate "2016.12.12"]
[SourceVersion "1"]
[SourceVersionDate "2016.12.12"]
[SourceQuality "1"]

1. e4 c5 2. Nc3 Nc6 3. f4 e6 4. Nf3 d5 5. d3 Nge7 6. g3 d4 7. Ne2 b5 8. Bg2 Bb7 9. 0-0 Nc8 10. g4 Nb6 11. f5 e5 12. Ng3 f6 13. g5 Qd6 14. gxf6 gxf6 15. Bd2 0-0-0 16. b3 Be7 17. Bh6 Rhg8 18. a4 a6 19. Kh1 Kb8 20. Qd2 Qc7 21. Nh5 Rd6 22. Ng3 Nb4 23. axb5 axb5 24. Ra3 Rgd8 25. Raa1 Rc6 26. Rfb1 c4 27. bxc4 bxc4 28. Bf1 cxd3 29. cxd3 Rc2 30. Qd1 Rc8 31. Bd2 Rc3 32. Ne1 Qc5 33. Bxc3 dxc3 34. Nc2 Nc6 35. Rb3 Nd4 36. Nxd4 exd4 37. Qc2 Bd6 38. Rab1 Bc7 39. Kg1 Rg8 40. Bg2 Re8 41. Rb5 Qd6 42. Qb3 Ka7 43. Qf7 Qc6 44. Qa2+ Kb8 45. Ra5 Rc8 46. Ra1 Bxg3 47. hxg3 c2 48. Rc1 Qc3 49. Rb5 Qxd3 50. Rb3 Qd1+ 51. Rxd1 cxd1Q+ 52. Bf1 Qc2 53. Qxc2 Rxc2 54. Rxb6 Kc7 55. Rxf6 Bxe4 56. Rf7+ 1/2-1/2

[Event "Wch U10"]
[Site "Batumi"]
[Date "2016.10.21"]
[Round "3"]
[White "Hrbek, Stepan"]
[Black "Sindarov, Islombek"]
[Result "0-1"]
[WhiteElo "1686"]
[BlackElo "2229"]
[PlyCount "76"]
[EventDate "2016.10.19"]
[EventType "swiss"]
[EventRounds "11"]
[EventCountry "GEO"]
[SourceTitle "CBM 175 Extra"]
[Source "ChessBase"]
[SourceDate "2016.12.12"]
[SourceVersion "1"]
[SourceVersionDate "2016.12.12"]
[SourceQuality "1"]

1. d4 Nf6 2. c4 g6 3. Nc3 Bg7 4. g3 0-0 5. Bg2 c6 6. e4 d6 7. Nge2 Nbd7 8. 0-0 e5 9. h3 Ne8 10. f4 f5 11. fxe5 dxe5 12. d5 Ndf6 13. c5 Nc7 14. d6 Na6 15. b4 fxe4 16. Qb3+ Kh8 17. Bg5 Qe8 18. Bxf6 Bxf6 19. Nxe4 Be6 20. Qb2 Bg7 21. Rxf8+ Qxf8 22. Rf1 Qd8 23. N2c3 b6 24. Rd1 Rb8 25. Qa3 Bc4 26. Nd2 Bd3 27. Bxc6 bxc5 28. bxc5 Qg5 29. Kg2 Nb4 30. Nd5 Nxd5 31. Bxd5 Qe3 32. Qc1 Qe2+ 33. Kh1 Qh5 34. Bg2 e4 35. c6 Qf5 36. c7 Rc8 37. Nxe4 Bxe4 38. d7 Qxh3+ 0-1

[Event "Wch U08"]
[Site "Porto Carras"]
[Date "2015.11.02"]
[Round "8"]
[White "Bharath, Subramaniyam H"]
[Black "Sindarov, Islombek"]
[Result "1-0"]
[WhiteElo "1602"]
[BlackElo "1567"]
[PlyCount "41"]
[EventDate "2015.10.25"]
[EventType "swiss"]
[EventRounds "11"]
[EventCountry "GRE"]
[SourceTitle "CBM 169 Extra"]
[Source "ChessBase"]
[SourceDate "2015.12.18"]
[SourceVersion "1"]
[SourceVersionDate "2015.12.18"]
[SourceQuality "1"]

1. e4 d6 2. d4 Nf6 3. Nc3 Nbd7 4. Nf3 e5 5. Be2 Be7 6. 0-0 0-0 7. Be3 c6 8. h3 Qc7 9. a4 b6 10. Nh4 Nxe4 11. Nxe4 Bxh4 12. dxe5 d5 13. Ng5 Bxg5 14. Bxg5 Qxe5 15. Be3 c5 16. Bf3 Nf6 17. b4 Ne4 18. bxc5 bxc5 19. Re1 Qc3 20. Qxd5 Be6 21. Qxe4 1-0

[Event "World School-ch U09 11th"]
[Site "Pattaya"]
[Date "2015.05.13"]
[Round "8"]
[White "Sindarov, Islombek"]
[Black "Anghel, Iulian Mihai"]
[Result "1/2-1/2"]
[WhiteElo "1533"]
[BlackElo "1481"]
[PlyCount "121"]
[EventDate "2015.05.07"]
[EventType "swiss"]
[EventRounds "9"]
[EventCountry "THA"]
[SourceTitle "CBM 166 Extra"]
[Source "ChessBase"]
[SourceDate "2015.06.18"]
[SourceVersion "1"]
[SourceVersionDate "2015.06.18"]
[SourceQuality "1"]

1. e4 c6 2. d4 d5 3. Nd2 dxe4 4. Nxe4 Bf5 5. Ng3 Bg6 6. Nf3 Nd7 7. Bd3 Bxd3 8. Qxd3 e6 9. 0-0 Ngf6 10. Re1 Qc7 11. c4 0-0-0 12. Bd2 c5 13. Ne4 Nxe4 14. Qxe4 Nf6 15. Qh4 cxd4 16. Nxd4 a6 17. Nb3 Be7 18. c5 Rd5 19. c6 Rh5 20. cxb7+ Kxb7 21. Qf4 Qxf4 22. Bxf4 Rf5 23. Be3 Ng4 24. Red1 Rd5 25. Rxd5 exd5 26. Na5+ Kc7 27. Rc1+ Kd7 28. Bf4 Rc8 29. Rxc8 Kxc8 30. f3 Nf6 31. Nc6 Bc5+ 32. Kf1 Nh5 33. Bd2 Bd6 34. g4 Kd7 35. Nd4 Nf6 36. h3 Be5 37. Bc3 g6 38. Ke2 Kd6 39. Ke3 Nd7 40. f4 Bf6 41. b3 Kc5 42. Kd3 Bxd4 43. Bxd4+ Kd6 44. b4 Kc6 45. a4 Nf8 46. f5 gxf5 47. gxf5 Nd7 48. Ke3 Kd6 49. b5 axb5 50. axb5 f6 51. Kf4 h5 52. h4 Ke7 53. Ke3 Kd6 54. Kd3 Nc5+ 55. Kc3 Ne4+ 56. Kb3 Kc7 57. Ka4 Kb7 58. b6 Ng3 59. Bxf6 Nxf5 60. Kb5 Nd6+ 61. Kc5 1/2-1/2